[Event "Brugse Meesters 2017"]
[Site "Brugge"]
[Date "2017.08.15"]
[Round "5"]
[White "Dardha, Daniel"]
[Black "Motwani, Paul"]
[Result "1/2-1/2"]
[WhiteElo "2218"]
[BlackElo "2470"]
[Annotator "TA"]
[PlyCount "48"]
[EventDate "2017.??.??"]
[EventCountry "BEL"]
[SourceTitle "playchess.com"]
[Source "ChessBase"]
[SourceQuality "1"]

{[%evp 23,48,19,23,10,20,7,19,4,17,0,0,-1,0,0,0,0,0,-8,-8,-10,-7,-7,-7,-7,-3,-6,-4]} 1. d4 e6 2. Nf3 f5 3. g3 Nf6 4. Bg2 d5 5. O-O Bd6 6. c4 c6 7. b3 Qe7 8. a4 b6 9. Ba3 a5 10. Ne5 {A90: Dutch Defence: Miscellaneous and Modern Stonewall (with ...Bd6)} (10. Bxd6 Qxd6 11. Nbd2 O-O 12. e3 Nbd7 13. Qc2 Ba6 14. Rfc1 Rac8 15. Qb2 c5 16. Ne5 Ne4 17. Ndf3 cxd4 18. exd4 {½-½ (55) Cheparinov,I (2689)-Agdestein,S (2602) Doha 2016}) 10... Bb7 11. Bxd6 Qxd6 12. Nd2 O-O {LiveBook: 3 Games} 13. Rc1 Na6 {The position is equal.} 14. Nd3 Ne4 $146 ({Predecessor:} 14... Nd7 15. e3 Rac8 16. Qe2 Rfd8 17. Rfd1 Qe7 {1-0 (45) Thorsson,O-Briem,S (2215) Reykjavik 1990}) 15. Nf3 (15. c5 $5 bxc5 16. Nxe4 fxe4 17. Nxc5 Nxc5 18. Rxc5 $11) 15... dxc4 16. Rxc4 Rfd8 17. Qc1 c5 18. dxc5 Naxc5 19. Nxc5 Nxc5 20. Rd4 Qe7 21. Qe3 Rxd4 22. Nxd4 Bxg2 23. Kxg2 Qd7 24. Nf3 Qd5 {Precision: White = 36%, Black = 82%.} 1/2-1/2

[Event "Brugse Meesters 2017"]
[Site "Brugge"]
[Date "2017.08.15"]
[Round "5"]
[White "Maddens, Martijn"]
[Black "Gourlay, Iain"]
[Result "1/2-1/2"]
[WhiteElo "2087"]
[BlackElo "2401"]
[Annotator "TA"]
[PlyCount "59"]
[EventDate "2017.??.??"]
[EventCountry "BEL"]
[SourceTitle "playchess.com"]
[Source "ChessBase"]
[SourceQuality "1"]

{[%evp 20,59,6,0,52,59,45,50,105,94,110,110,152,59,78,89,114,87,120,80,71,74,205,200,206,195,525,134,123,150,272,240,279,274,281,270,271,0,0,0,0,0]} 1. e4 e5 2. Nf3 Nc6 3. Bc4 Nf6 4. d3 Be7 5. a4 O-O 6. O-O d5 7. exd5 Nxd5 8. Re1 {C55: Two Knights: 4 d3, 4 d4 exd4 5 e5 and Max Lange Attack} Bg4 9. h3 Bxf3 10. Qxf3 Nb6 11. Nd2 {LiveBook: 4 Games} Bg5 $146 ({Black should play} 11... Nxc4 $11 12. Nxc4 f6) ({Find the theoretical novelty and annotate with similar games:} 11... Nxc4 12. Nxc4 Re8 13. Bd2 Bf6 14. Bc3 Qd7 15. b4 Nxb4 16. Bxb4 {1-0 (31) Bachmann,A (2610)-Prasanna Raghuram,R (2460) Gibraltar 2016}) 12. Bb3 $14 Nd4 13. Qxb7 Bxd2 (13... c6 $14) 14. Bxd2 $16 Nxb3 15. cxb3 f6 16. Bc3 (16. Rec1 $16 Rf7 17. a5) 16... Rf7 17. Qe4 Rd7 18. Rad1 c5 19. b4 cxb4 20. Qxb4 Rxd3 (20... Nd5 $16 {was called for.} 21. Qg4 g6) 21. Rxd3 $18 Qxd3 22. a5 $1 {[%cal Ra5b6,Ba4a5,Ba5a6][%mdl 32]} Nd5 $2 {[#]} (22... Nc4) 23. Qb7 $2 (23. Qb3 $1 $18 {and the rest is easy.}) 23... Rd8 $16 24. Qxa7 h6 {[#]} (24... Nf4 $16) 25. a6 $1 $18 Kh7 26. Qb7 Nxc3 27. bxc3 Rd7 28. Qe4+ $2 ({White should try} 28. Qb1 $18) 28... Qxe4 $11 29. Rxe4 {Strongly threatening Ra4.} Rd1+ $1 30. Kh2 {Precision: White = 51%, Black = 27%.} 1/2-1/2

[Event "Brugse Meesters 2017"]
[Site "Brugge"]
[Date "2017.08.15"]
[Round "6"]
[White "Motwani, Paul"]
[Black "Guelsen, Taylan"]
[Result "1/2-1/2"]
[WhiteElo "2470"]
[BlackElo "2156"]
[Annotator "TA"]
[PlyCount "32"]
[EventDate "2017.??.??"]
[EventCountry "BEL"]
[SourceTitle "playchess.com"]
[Source "ChessBase"]
[SourceQuality "1"]

{[%evp 15,32,57,79,77,109,52,58,52,122,100,121,112,95,106,120,118,108,91,107]} 1. c4 c5 2. Nf3 Nf6 3. Nc3 b6 4. e4 Bb7 5. e5 Ng8 6. d4 {A34: Symmetrical English: 2 Nc3, lines with ...d5} cxd4 7. Nxd4 g6 8. Bf4 Bg7 {LiveBook: 3 Games} 9. Qe2 Nh6 $146 ({Predecessor:} 9... Nc6 10. Nf3 Nh6 11. h4 Nf5 12. h5 O-O 13. O-O-O Qc8 {1-0 (32) Mestel,A (2540)-Miles,A (2615) London 1984}) 10. Qe3 (10. Rd1 $16) 10... Ng4 $1 $14 {[%cal Rg4e3]} 11. Qg3 $1 {[%cal Rg3g4]} h5 (11... d6 $1 $14) 12. O-O-O {White is better.} Nc6 13. Nxc6 Bxc6 14. f3 Nh6 15. Bd3 e6 16. Kb1 h4 1/2-1/2

[Event "Brugse Meesters 2017"]
[Site "Brugge"]
[Date "2017.08.15"]
[Round "6"]
[White "Czebe, Attila"]
[Black "Carstensen, Jacob"]
[Result "1/2-1/2"]
[WhiteElo "2465"]
[BlackElo "2353"]
[Annotator "TA"]
[PlyCount "127"]
[EventDate "2017.??.??"]
[EventCountry "BEL"]
[SourceTitle "playchess.com"]
[Source "ChessBase"]
[SourceQuality "1"]

{[%evp 13,127,0,0,-20,-15,-23,0,-10,11,-33,-29,-27,-5,-43,0,0,14,7,0,24,20,20,27,34,65,64,59,40,85,9,83,73,75,68,75,68,74,44,63,45,47,45,41,42,46,25,31,17,24,22,23,31,37,24,25,25,25,25,25,25,25,25,25,14,25,0,0,0,0,0,0,0,0,0,0,0,0,0,0,0,0,0,0,0,0,0,0,0,0,0,0,0,0,0,0,0,0,0,0,0,0,0,0,0,0,0,0,0,0,0,0,0,0,0,0,0]} 1. Nf3 Nf6 2. g3 d5 3. Bg2 g6 4. b3 Bg7 5. Bb2 O-O 6. O-O c5 7. e3 {A05: Réti Opening: 1 Nf3 Nf6} (7. c4 d4 8. e3 Nc6 9. exd4 cxd4 10. d3 Nd7 11. Re1 a5 12. Nbd2 Nc5 13. Ne4 Nxe4 14. Rxe4 Bf5 15. Re1 Qd7 16. Ba3 Rfe8 {1-0 (70) Caruana,F (2804)-Anand,V (2770) Leuven 2016}) 7... Nc6 {LiveBook: 24 Games} 8. Qe2 Bf5 9. d3 Qd7 10. Nbd2 Bh3 11. Rfe1 $146 ({Predecessor:} 11. c4 Bxg2 12. Kxg2 Nh5 13. Bxg7 Nxg7 14. cxd5 Qxd5 {½-½ (48) Slipak,S-Bronstein,L (2425) Buenos Aires 1985}) 11... Bxg2 12. Kxg2 Rad8 13. e4 dxe4 (13... d4 $15) 14. dxe4 $11 Ng4 15. Bxg7 Kxg7 16. Nc4 b5 17. Nb2 Nd4 18. Nxd4 Qxd4 19. c4 bxc4 20. Nxc4 (20. Rad1 $5 {[%cal Rd1d4]} Qf6 21. Nxc4 $14) 20... h5 21. h3 (21. Rad1 $16 Qc3 22. Rc1) 21... Nf6 (21... Ne5 $11 {keeps the balance.}) 22. Rad1 (22. Rac1 {with more complications.} h4 23. g4 Nh7 24. f4 Nf6 25. Kf3) 22... Qc3 23. Qf3 Qxf3+ 24. Kxf3 Nd7 25. Rc1 Nb6 26. Ne3 Rd2 27. Re2 Rxe2 $1 28. Kxe2 $14 {[%mdl 4096] Endgame KRN-KRN} Rc8 $1 29. h4 Kf6 30. f4 Ke6 31. Kf3 f5 32. Rc2 Kf6 33. Rc3 (33. a3 {feels hotter.} a5 34. a4 Ke6 35. Rc1 Kf6 36. e5+) 33... a5 34. Nc4 Nxc4 35. Rxc4 $11 {KR-KR} e5 36. Ke3 Ke6 37. Ra4 {Threatening fxe5.} Ra8 38. Kd3 Kd6 39. Kc3 exf4 {The position is equal.} 40. gxf4 fxe4 41. Rxe4 Rb8 42. a3 (42. Ra4 $5 {[%cal Ra4a5]}) 42... Ra8 43. Kd3 Ra7 44. Ra4 Kc6 45. Re4 Kd6 46. Kc2 Ra8 47. Kc3 Ra7 48. Re5 Rf7 49. Re4 Ra7 (49... Kd5 $5 {[%cal Rd5e4]} 50. Re5+ Kd6 $11) 50. a4 Rf7 51. Kd2 Rb7 52. Re3 Rb4 53. Rg3 Rxf4 {And now ...Rg4 would win.} 54. Rxg6+ Kc7 55. Rg5 Rxh4 56. Rxc5+ Kb6 57. Rb5+ Ka6 58. Ke3 Rh1 59. Kf4 Rh3 60. Kg5 Rh1 61. Kf5 Rf1+ 62. Kg5 Rh1 63. Kf4 Rh3 64. Ke4 {Precision: White = 42%, Black = 77%.} 1/2-1/2

[Event "Brugse Meesters 2017"]
[Site "Brugge"]
[Date "2017.08.15"]
[Round "6"]
[White "Beerdsen, Thomas"]
[Black "Lai, Hing Ting"]
[Result "1/2-1/2"]
[WhiteElo "2447"]
[BlackElo "2388"]
[Annotator "TA"]
[PlyCount "62"]
[EventDate "2017.??.??"]
[EventCountry "BEL"]
[SourceTitle "playchess.com"]
[Source "ChessBase"]
[SourceQuality "1"]

{[%evp 23,62,11,19,16,15,5,12,15,45,46,52,24,18,22,29,3,0,0,27,8,45,25,27,22,39,37,37,39,45,0,81,72,68,0,0,0,0,0,0,0,0]} 1. e4 c6 2. d4 d5 3. Nd2 dxe4 4. Nxe4 Nf6 5. Nxf6+ exf6 6. c3 Bd6 7. Bd3 O-O 8. Ne2 Re8 9. Qc2 h6 10. O-O Nd7 {B15: Caro-Kann: 3 Nc3: 3...g6 and 3...dxe4 4 Nxe4 Nf6 5 Nxf6+ exf6} (10... Qc7 11. h3 Nd7 12. c4 c5 13. Be3 a6 14. Rac1 cxd4 15. Nxd4 Nc5 16. Bf5 Bh2+ 17. Kh1 Bf4 18. Bxf4 Qxf4 {½-½ (64) Idani,P (2578)-Sokolov,I (2626) Bandar e Anzali 2017}) 11. Bf4 Nf8 12. Bxd6 Qxd6 {LiveBook: 4 Games} 13. Rfe1 Bd7 14. Ng3 $146 ({Predecessor:} 14. Qd2 Ne6 15. Ng3 Rad8 16. Nf5 Qc7 17. Re3 Ng5 18. Rae1 Rxe3 19. Rxe3 Bxf5 20. Bxf5 {1-0 (47) Mosadeghpour,M (2420)-Yakubboev,N (2342) Bishkek 2015}) 14... Rxe1+ 15. Rxe1 Re8 16. Rxe8 Bxe8 17. b4 (17. Nf5 $5 {[%cal Rf5d6]} Qe6 18. Qc1 $14) 17... Bd7 18. Ne4 Qe7 19. h3 Ne6 20. Qd2 b6 21. Qe3 $36 {[%mdl 2048] White is pushing.} Ng5 (21... Nc7 {with more complications.} 22. Qf4 Ne8 23. Kf1 Be6 24. a4 Qd8) 22. Nxg5 (22. Ng3 {seems wilder.} Kf8 23. a3 g6 24. Qd2 Kg7 25. f4) 22... Qxe3 23. fxe3 {[#] Threatens to win with Nf3.} hxg5 $14 {[%mdl 4096] Endgame KB-KB} 24. g4 Kf8 25. c4 g6 26. e4 Ke7 {[#]} (26... c5 $1 $11) 27. c5 $1 $16 bxc5 28. dxc5 (28. bxc5 $14 Kd8 29. Kf2) 28... Be6 $11 {The position is equal.} 29. a3 Bb3 30. Kf2 Ke6 31. Ke3 Ke5 {Precision: White = 58%, Black = 60%.} 1/2-1/2

[Event "Brugse Meesters 2017"]
[Site "Brugge"]
[Date "2017.08.15"]
[Round "6"]
[White "Varga, Zoltan"]
[Black "Van Foreest, Lucas"]
[Result "0-1"]
[WhiteElo "2434"]
[BlackElo "2467"]
[Annotator "TA"]
[PlyCount "164"]
[EventDate "2017.??.??"]
[EventCountry "BEL"]
[SourceTitle "playchess.com"]
[Source "ChessBase"]
[SourceQuality "1"]

{[%evp 22,164,-8,-12,9,1,2,4,11,12,21,24,17,0,0,-9,15,15,22,4,14,7,41,30,33,33,18,24,73,72,82,80,67,57,75,0,0,0,0,0,0,0,15,0,4,0,0,0,0,0,0,0,4,0,0,0,18,18,17,0,0,0,0,0,0,0,0,0,0,-6,-12,-14,0,-8,0,0,0,-25,-25,-25,-25,-25,-25,-25,-25,-26,-26,-140,-111,-115,-117,-131,-103,-111,0,-121,-118,-112,-111,-111,-111,-278,-265,-206,-25,-32,0,0,0,0,0,-265,-265,-265,-265,-265,-265,-451,-416,-3170,-3170,-3170,-3170,-3170,-3170,-3163,-3163,-3163,-3156,-3156,-3156,-3110,-2786,-3236,-3512,-2147,-1635,-4325,-4185,-3542,-1629,-5190,-5081,-29984,-29985]} 1. e4 e5 2. Nf3 Nc6 3. d4 exd4 4. Nxd4 Nf6 5. Nxc6 bxc6 6. Bd3 d5 7. exd5 cxd5 8. Bb5+ Bd7 9. Bxd7+ Qxd7 10. O-O Be7 11. Nd2 O-O 12. b3 {LiveBook: 9 Games. C45: Scotch Game} Bd6 (12... Ng4 13. Bb2 Bf6 14. Bxf6 Nxf6 15. Qf3 Rfe8 {½-½ (15) Stevic,H (2607)-Ponomariov,R (2749) Khanty-Mansiysk 2010}) 13. Bb2 Qf5 14. Nf3 {The position is equal.} Rad8 15. Qd3 Qxd3 $146 ({Find the theoretical novelty and annotate with similar games:} 15... Ne4 16. Rad1 Rfe8 17. g3 c5 18. Kg2 Bf8 19. Nd2 c4 {1-0 (31) Escudero Manzano,A (2129)-Ordonez Torres,M (1913) Salobrena 2012}) 16. cxd3 Nd7 17. Rac1 Rfe8 18. Rc2 Rc8 19. g3 f6 20. Rd1 Kf7 21. Kf1 a6 22. Nd4 c5 23. Nf5 Bf8 $1 24. d4 c4 25. bxc4 $1 Rxc4 26. Rxc4 dxc4 27. Ne3 Nb6 28. d5 (28. Bc3 $16) 28... Bc5 $11 29. Bd4 Bxd4 30. Rxd4 {[%mdl 4096] Endgame KRN-KRN} Rc8 31. d6 c3 32. d7 Rd8 33. Rb4 Nxd7 34. Rc4 Ne5 35. Rxc3 Rd2 36. Ra3 Rd6 37. f4 Nf3 38. Kg2 Rd3 (38... Nd4 {looks sharper.} 39. g4 Re6 40. f5 Re4 41. Kf2 h5) 39. Rxd3 Ne1+ 40. Kf1 Nxd3 {KN-KN} 41. Nd5 a5 42. f5 Ke8 43. Nb6 Ne5 44. Ke2 Ke7 45. Nd5+ Kd6 46. Nf4 $1 Nc6 47. Nh5 Nd4+ 48. Kd3 Nxf5 49. Kc4 (49. Ke4 $5 {[%cal Re4f5]} Ne7 50. Nxg7 $11) 49... Kc6 50. a4 Nd6+ 51. Kd4 Ne8 52. g4 g6 53. Ng3 Nd6 {White must now prevent ...f5.} 54. Ne2 (54. h4 $1 $11 {was the only way to keep the balance.}) 54... Nb7 55. Nc3 Nc5 56. h4 Nb3+ 57. Kd3 Nc5+ 58. Kd4 $1 Ne6+ $1 59. Kc4 f5 60. gxf5 gxf5 {[%cal Bg6f5,Bf5f4][%mdl 32]} 61. Ne2 $2 (61. Nd5 $17) 61... f4 $19 62. Ng1 h5 $2 (62... h6 $19 {aiming for ...Kb6.} 63. h5 Kb6) 63. Nf3 $11 Kd6 64. Kb5 Kd5 (64... Nd8 $5 {[%cal Rd8c6]}) 65. Kxa5 Ke4 (65... Nd4 $5 {[%cal Rd4f3]} 66. Nd2 Kc6 $11) 66. Nh2 $2 {[%mdl 8192]} (66. Ng1 $1 $11 {and White has nothing to worry.}) 66... Nc5 $1 $19 67. Kb5 {[#]} Nxa4 $1 {[%mdl 512]} 68. Kxa4 {[#] KN-KPP} Ke3 $1 69. Kb4 $2 {[#]} (69. Kb5 Kf2 70. Kc5) 69... Kf2 $1 70. Ng4+ (70. Kb3 $142) 70... hxg4 {KPP-KP} 71. h5 g3 72. h6 g2 73. h7 g1=Q {( -> ...Qb1+)} 74. h8=Q {KQ-KQ} Qe1+ 75. Kc4 Qe4+ 76. Kc3 Qe3+ 77. Kc2 Qc5+ 78. Kd2 Qd5+ 79. Kc2 f3 80. Qh3 Qe4+ (80... Ke1 $142 81. Qg3+ f2 82. Qe3+ Kf1) 81. Kd2 Qf4+ 82. Kd3 Kg1 {Precision: White = 54%, Black = 66%.} 0-1

[Event "Brugse Meesters 2017"]
[Site "Brugge"]
[Date "2017.08.15"]
[Round "6"]
[White "Vandenbussche, Thibaut"]
[Black "Faure, Stephane"]
[Result "1-0"]
[WhiteElo "2387"]
[BlackElo "2109"]
[Annotator "NA"]
[PlyCount "107"]
[EventDate "2017.??.??"]
[EventCountry "BEL"]
[SourceTitle "playchess.com"]
[Source "ChessBase"]
[SourceQuality "1"]
[TimeControl "5400+30"]

1. e4 c5 2. Nf3 d6 3. c3 e6 4. d4 Nd7 5. Bd3 Ngf6 {LiveBook: 18 Games} 6. Bg5 h6 7. Bh4 Be7 8. Nbd2 cxd4 9. cxd4 O-O 10. Qe2 e5 11. dxe5 Nxe5 12. Nxe5 $11 dxe5 13. Bxf6 Bxf6 14. Bc4 Bg5 15. Nb3 a5 16. O-O a4 17. Nc1 Qd4 18. Bd5 a3 19. Nd3 Bd7 20. Rfd1 Bb5 21. Qf3 axb2 22. Rab1 Ba4 23. Nxb2 Bxd1 24. Nxd1 Qd2 25. g3 Ra7 26. h4 Be7 27. Ne3 g6 28. Qg4 Kh8 29. h5 Bg5 30. Nc4 Qxa2 31. Rf1 f5 32. Qf3 Kg7 33. Nxe5 Qc2 34. Nxg6 Rf6 35. e5 Rfa6 36. Kg2 Ra3 37. Qd1 Qc7 38. Bb3 Qc6+ 39. Bd5 Qc7 40. f4 Be7 41. Bf3 Ra2+ 42. Kh3 Ra1 43. Qd3 R7a3 44. Qxf5 Rxf1 45. Bg2 Rf2 46. Qg4 Bg5 47. fxg5 b5 48. gxh6+ Kxh6 49. Ne7 Qc2 50. Ng8+ Kh7 51. Be4+ Qxe4 52. Qxe4+ Kxg8 53. Qg6+ Kf8 54. Qd6+ 1-0

[Event "Brugse Meesters 2017"]
[Site "Brugge"]
[Date "2017.08.15"]
[Round "6"]
[White "Kokje, Joris"]
[Black "Dgebuadze, Alexandre"]
[Result "0-1"]
[WhiteElo "2166"]
[BlackElo "2515"]
[Annotator "TA"]
[PlyCount "36"]
[EventDate "2017.??.??"]
[EventCountry "BEL"]
[SourceTitle "playchess.com"]
[Source "ChessBase"]
[SourceQuality "1"]

{[%evp 9,36,9,8,7,49,5,13,10,11,-16,-6,-56,-45,-45,-60,-56,-52,-62,-67,-75,-75,-165,-176,-203,-130,-183,-175,-404,-412]} 1. d4 e6 2. Nf3 Nf6 3. c4 a6 4. Qc2 (4. Nc3 d5 5. cxd5 exd5 6. Bg5 Be6 7. e3 Nbd7 8. Bd3 Bd6 9. Bf4 Qe7 10. O-O c6 11. h3 O-O 12. Re1 Rfd8 13. Rc1 Rac8 14. Ne5 Ne8 15. Nxd7 Bxd7 16. Na4 Qf6 17. Nb6 Rb8 18. Nxd7 {½-½ (18) Shimanov,A (2623)-Rakhmanov,A (2670) Astana 2017}) 4... c5 5. Nc3 cxd4 6. Nxd4 {E10: Blumenfeld Gambit} Qb6 $146 ({Find the theoretical novelty and annotate with similar games:} 6... Nc6 7. Nxc6 dxc6 8. g3 e5 9. Bg2 Be6 10. b3 Be7 11. O-O O-O 12. Bb2 Qc7 {0-1 (37) De Franca,G-Van Riemsdijk,V (2160) Sao Paulo 2000}) 7. e3 (7. Nb3 {with more complications.} Nc6 8. e4 Qc7 9. Be2 Ne5 10. Bf4) 7... Nc6 8. Nxc6 {The position is equal.} Qxc6 9. b3 b5 10. Ne2 bxc4 11. bxc4 Bb4+ 12. Bd2 Bxd2+ 13. Qxd2 Qxc4 14. Rc1 Qa4 15. Nd4 (15. Nc3 $17 {was necessary.} Qa5 16. Bd3) 15... Ne4 $19 16. Qc2 Qa5+ 17. Kd1 Bb7 18. Bd3 $2 {[#]} (18. Qb2) 18... Rc8 0-1

[Event "Brugse Meesters 2017"]
[Site "Brugge"]
[Date "2017.08.15"]
[Round "6"]
[White "Marzano, Carlo"]
[Black "Gonzales, Jayson"]
[Result "1/2-1/2"]
[WhiteElo "2158"]
[BlackElo "2378"]
[Annotator "NA"]
[PlyCount "123"]
[EventDate "2017.??.??"]
[EventCountry "BEL"]
[SourceTitle "playchess.com"]
[Source "ChessBase"]
[SourceQuality "1"]
[TimeControl "5400+30"]

1. d4 d6 2. c4 g6 3. Nc3 Bg7 4. e4 Nf6 5. Be2 e5 {LiveBook: 35 Games} 6. dxe5 dxe5 7. Qxd8+ Kxd8 8. f4 Nc6 9. fxe5 Nxe5 10. Bf4 Nh5 11. O-O-O+ $14 Bd7 12. Be3 Kc8 13. Nf3 Re8 14. Nxe5 Bxe5 15. Bd4 Nf4 16. Bf3 c6 17. Rhf1 Kc7 18. Bxe5+ Rxe5 19. g3 Ne6 20. Bg4 Be8 21. Bxe6 Rxe6 22. Rf2 Rd8 23. Rxd8 Kxd8 24. Kd2 Ke7 25. Kd3 Bd7 26. b3 f6 27. Rd2 Re5 28. Rf2 h5 29. h4 Bg4 30. Kd2 Kf7 31. Kd3 Re8 32. Kd2 Kg7 33. Kd3 Re5 34. Kd4 Kf7 35. Kd3 Re8 36. Kd2 Ke6 37. Kd3 Ke5 38. Ke3 Rd8 39. Rf1 b6 40. Rf2 Rd7 41. Rf1 a6 42. Na4 Rd4 43. Nc3 Rd8 44. Na4 f5 45. exf5 Bxf5 46. Nb2 b5 47. Rd1 Re8 48. Rd2 Bb1 49. Kf2 Rf8+ 50. Ke3 Rf1 51. cxb5 cxb5 52. a3 Be4 53. Nd3+ Bxd3 54. Rxd3 a5 55. Rc3 Kd6 56. Rd3+ Ke6 57. Rc3 Rb1 58. Ke4 b4 59. axb4 axb4 60. Rd3 Re1+ 61. Kf4 Rc1 62. Ke4 {Ke5} 1/2-1/2

[Event "Brugse Meesters 2017"]
[Site "Brugge"]
[Date "2017.08.15"]
[Round "6"]
[White "Stone, Andrew M"]
[Black "Pel, Bonno"]
[Result "1-0"]
[WhiteElo "2153"]
[BlackElo "2255"]
[Annotator "NA"]
[PlyCount "83"]
[EventDate "2017.??.??"]
[EventCountry "BEL"]
[SourceTitle "playchess.com"]
[Source "ChessBase"]
[SourceQuality "1"]
[TimeControl "5400+30"]

1. c4 g6 2. Nc3 Bg7 3. g3 d6 4. d4 Nf6 5. Bg2 O-O 6. Nf3 Nc6 7. O-O Bg4 8. Ne1 Qd7 9. Nc2 e5 10. d5 Ne7 11. f3 Bh3 12. e4 {LiveBook: 4 Games} Bxg2 13. Kxg2 Ne8 14. b4 c6 15. dxc6 bxc6 $11 16. a4 Qe6 17. Qd3 f5 18. b5 fxe4 19. fxe4 Rxf1 20. Kxf1 Nf6 21. Ne3 Rf8 22. Kg2 h5 23. Ba3 c5 24. a5 Bh6 25. Bc1 h4 26. Bd2 Bxe3 27. Bxe3 Ng4 28. Nd5 h3+ 29. Kg1 Rf3 30. Qe2 Nxd5 31. Qxf3 Ndxe3 32. b6 Qxc4 33. bxa7 Qa6 34. Rf1 Nxf1 35. Qxg4 Kg7 36. Qd7+ Kh6 37. Qxh3+ Kg7 38. Qd7+ Kh6 39. Qd8 Nxg3 40. hxg3 Qxa7 41. Qh8+ Kg5 42. Qh4# 1-0

[Event "Brugse Meesters 2017"]
[Site "Brugge"]
[Date "2017.08.15"]
[Round "6"]
[White "Gray, Mark S"]
[Black "Frayna, Janelle Mae"]
[Result "0-1"]
[WhiteElo "2103"]
[BlackElo "2248"]
[Annotator "NA"]
[PlyCount "114"]
[EventDate "2017.??.??"]
[EventCountry "BEL"]
[SourceTitle "playchess.com"]
[Source "ChessBase"]
[SourceQuality "1"]
[TimeControl "5400+30"]

1. e4 g6 2. d4 Bg7 3. Nc3 d6 4. f4 Nf6 5. Nf3 O-O 6. Be3 b6 7. e5 Ng4 8. Bg1 Bb7 {LiveBook: 7 Games} 9. e6 f5 $1 ({Reject} 9... fxe6 $6 10. Ng5 $16) 10. d5 (10. h4 $15) 10... c6 (10... Bxc3+ $5 11. bxc3 c6 $17) 11. Bc4 $19 (11. Qd2 $15) 11... Nf6 12. Qd3 cxd5 13. Nxd5 Nxd5 14. Bxd5 Bxd5 15. Qxd5 Bxb2 16. Qxa8 Bxa1 17. Qxa7 Qc8 18. Bxb6 Bc3+ 19. Kf2 Qxe6 20. Qa3 Rc8 21. Rd1 Nd7 22. Be3 Nf6 23. Rd3 Ne4+ 24. Kf1 Bf6 25. Qb3 Qc4 26. Ke1 Qxb3 27. cxb3 e5 28. fxe5 dxe5 29. Rd5 Nc3 30. Rc5 Rxc5 31. Bxc5 e4 32. Nd4 Nxa2 33. Kd2 Kf7 34. g3 Ke8 35. Ne2 Be7 36. Bxe7 Kxe7 37. Ke3 Kd6 38. h4 Ke5 39. Nd4 Nb4 40. Ne2 Nc2+ 41. Kd2 Nd4 42. Nc1 h6 43. Ke3 g5 44. hxg5 hxg5 45. Kd2 Nc6 46. Ne2 Nb4 47. Ke3 Nd5+ 48. Kd2 f4 49. gxf4+ gxf4 50. Ng1 f3 51. Nh3 Kd4 52. Ng5 Nf4 53. Ke1 Nd3+ 54. Kf1 Ke5 55. Nf7+ Kf4 56. Nd8 e3 57. Ne6+ Ke5 0-1

[Event "Brugse Meesters 2017"]
[Site "Brugge"]
[Date "2017.08.15"]
[Round "6"]
[White "Altea, Alessandro"]
[Black "Dardha, Daniel"]
[Result "0-1"]
[WhiteElo "2025"]
[BlackElo "2218"]
[Annotator "NA"]
[PlyCount "80"]
[EventDate "2017.??.??"]
[EventCountry "BEL"]
[SourceTitle "playchess.com"]
[Source "ChessBase"]
[SourceQuality "1"]
[TimeControl "5400+30"]

1. d4 Nf6 2. Nf3 d5 3. c4 e6 4. g3 dxc4 5. Bg2 Nc6 6. O-O Rb8 7. a4 a6 8. e3 {LiveBook: 15 Games} Bd7 9. Bd2 Bd6 10. Qc2 b5 11. axb5 axb5 12. b3 cxb3 13. Qxb3 $15 O-O 14. Rc1 e5 15. Ra6 Qe8 16. Nc3 exd4 17. exd4 Bc8 18. Raa1 Bg4 19. Be3 Ne7 20. Nd2 Nf5 21. Nde4 Nxe4 22. Nxe4 Be2 23. Nxd6 cxd6 24. Bf4 Bc4 25. Qc3 Qd8 26. Be4 Ne7 27. Qf3 f5 28. Bd3 Bd5 29. Qe2 Nc6 30. Rxc6 Bxc6 31. Qe6+ Kh8 32. Qxd6 Qxd6 33. Bxd6 Ra8 34. Rc1 Rfc8 35. Re1 Rd8 36. Be5 b4 37. Rb1 Bd5 38. Bxf5 b3 39. f4 Ra2 40. Bh3 Rda8 0-1

[Event "Brugse Meesters 2017"]
[Site "Brugge"]
[Date "2017.08.16"]
[Round "7"]
[White "Epishin, Vladimir"]
[Black "Hill, Alistair"]
[Result "0-1"]
[WhiteElo "2541"]
[BlackElo "2192"]
[Annotator "TA"]
[PlyCount "30"]
[EventDate "2017.??.??"]
[EventCountry "BEL"]
[SourceTitle "playchess.com"]
[Source "ChessBase"]
[SourceQuality "1"]

{[%evp 19,30,-24,-20,-32,-35,-99,-99,-147,-102,-116,-89,-497,-490]} 1. Nf3 Nf6 2. g3 c5 3. Bg2 Nc6 4. d4 cxd4 5. Nxd4 e5 6. Nb3 d5 {[%cal Bd7d5,Bd5d4][%mdl 32]} 7. Bg5 {D02: 1 d4 d5 2 Nf3 sidelines, including 2...Nf6 3 g3 and 2...Nf6 3 Bf4} Be6 8. Nc3 (8. O-O Be7 9. Bxf6 Bxf6 10. c4 dxc4 11. Nc5 e4 12. Nd2 Bxb2 13. Nxe6 fxe6 14. Rb1 c3 15. Bxe4 Qxd2 16. Qxd2 cxd2 17. Rxb2 {½-½ (31) Svidler,P (2734)-Karjakin,S (2753) Khanty-Mansiysk 2015}) 8... d4 9. Ne4 Be7 10. Bxf6 gxf6 {LiveBook: 4 Games} 11. c3 $146 ({Predecessor:} 11. O-O Qb6 12. c3 f5 13. Ned2 Rd8 14. Bxc6+ bxc6 15. cxd4 exd4 {0-1 (32) Trumic,E (2338)-Kojic,T (2258) Tuzla 2010}) 11... Bd5 {And now ...f5 would win.} 12. f3 (12. O-O $15) 12... Qb6 $17 13. cxd4 Rd8 ({Reject} 13... exd4 $6 14. Nf2 $11) ({But not} 13... Nxd4 14. Nxd4 exd4 15. O-O $15) 14. O-O Nxd4 15. Kh1 $2 {[%mdl 8192] [#]} (15. Nxd4 $17 Bxe4 16. Qb3) 15... Nxb3 0-1